| 000 | 00887nam a22002297a 4500 | ||
|---|---|---|---|
| 003 | OSt | ||
| 005 | 20260302073921.0 | ||
| 008 | 260302b |||||||| |||| 00| 0 eng d | ||
| 020 | _a9781402726637 | ||
| 040 |
_aDWCL GS lib _cOC |
||
| 100 | _aCrane Stephen | ||
| 245 |
_aCLASSIC STARTS : _bThe Red Badge of Courage / _cStephen Crane |
||
| 260 |
_aNew York _b The red badge of courage _cc2006. |
||
| 300 |
_avii, 147 pages: _billustrations _c22cm. |
||
| 520 | _aAn abridged version of the tale set in the spring of 1863 when, while engaged in the fierce battle of Chancellorsville in Virginia, a young Union soldier matures to manhood and finds peace of mind as he comes to grips with his conflicting emotions about war. | ||
| 546 | _aEnglish | ||
| 650 | _aNovel | ||
| 650 | _aWar story | ||
| 650 | _aHistorical Fiction | ||
| 700 | _aStephen Crane | ||
| 942 |
_2ddc _cFIC. _hFic. _n0 |
||
| 999 |
_c8591 _d8591 |
||